[Event "Women's Baku Chess Olympiad"]
[Site "chess24.com"]
[Date "2016.09.02"]
[Round "1"]
[White "Silva, Mariana Sofia T."]
[Black "Ushenina, Anna"]
[Result "0-1"]
[Board "3"]
[WhiteID "1911899"]
[WhiteElo "1789"]
[WhiteCountry "POR"]
[WhiteFideId "1911899"]
[WhiteEloChange "-2"]
[BlackID "14110911"]
[BlackElo "2457"]
[BlackTitle "GM"]
[BlackCountry "UKR"]
[BlackFideId "14110911"]
[BlackEloChange "1"]

1. e4 {[%clk 1:30:46]} c5 {[%clk 1:30:44]} 2. Nf3 {[%clk 1:31:02]} Nc6 {[%clk
1:30:57]} 3. d4 {[%clk 1:31:24]} cxd4 {[%clk 1:31:25]} 4. Nxd4 {[%clk 1:31:45]}
e5 {[%clk 1:31:33]} 5. Nb5 {[%clk 1:29:55]} d6 {[%clk 1:31:52]} 6. N1c3 {[%clk
1:28:30]} a6 {[%clk 1:30:10]} 7. Na3 {[%clk 1:28:49]} b5 {[%clk 1:28:39]} 8. Nd5
{[%clk 1:27:38]} Nce7 {[%clk 1:27:22]} 9. c4 {[%clk 1:18:17]} Nxd5 {[%clk
1:27:12]} 10. cxd5 {[%clk 1:16:25]} g6 {[%clk 1:06:44]} 11. Be2 {[%clk 1:07:29]}
Qh4 {[%clk 0:54:27]} 12. Qc2 {[%clk 0:55:23]} Bd7 {[%clk 0:53:57]} 13. g3 {[%clk
0:53:40]} Qd8 {[%clk 0:54:09]} 14. Be3 {[%clk 0:47:49]} f5 {[%clk 0:45:52]} 15.
exf5 {[%clk 0:27:00]} Rc8 {[%clk 0:45:47]} 16. Qd1 {[%clk 0:24:31]} Bxf5 {[%clk
0:45:52]} 17. Bg4 {[%clk 0:22:09]} Bxg4 {[%clk 0:38:40]} 18. Qxg4 {[%clk
0:22:29]} Qd7 {[%clk 0:39:08]} 19. Qe2 {[%clk 0:19:11]} Bg7 {[%clk 0:37:12]} 20.
f4 {[%clk 0:14:37]} Ne7 {[%clk 0:35:44]} 21. Rd1 {[%clk 0:11:20]} O-O {[%clk
0:31:47]} 22. O-O {[%clk 0:09:56]} Nf5 {[%clk 0:29:39]} 23. Bd2 {[%clk 0:06:53]}
Qb7 {[%clk 0:22:30]} 24. Bb4 {[%clk 0:04:34]} a5 {[%clk 0:16:59]} 25. Be1 {[%clk
0:03:04]} b4 {[%clk 0:17:11]} 26. Nb1 {[%clk 0:01:59]} Rfe8 {[%clk 0:16:52]} 27.
Bf2 {[%clk 0:00:33]} exf4 {[%clk 0:17:02]} 28. Qd2 {[%clk 0:00:37]} Ne3 {[%clk
0:16:24]} 29. Bxe3 {[%clk 0:00:44]} fxe3 {[%clk 0:16:53]} 30. Qe2 {[%clk
0:00:56]} Bxb2 {[%clk 0:15:32]} 31. Rf3 {[%clk 0:00:43]} Rc1 {[%clk 0:13:16]} 32.
Rff1 {[%clk 0:00:34]} Rxd1 {[%clk 0:12:07]} 33. Rxd1 {[%clk 0:00:57]} Bg7 {[%clk
0:11:26]} 34. Rd3 {[%clk 0:00:37]} Qb5 {[%clk 0:07:57]} 35. Kg2 {[%clk 0:00:36]}
Qxd3 {[%clk 0:07:48]} 36. Qxd3 {[%clk 0:00:56]} e2 {[%clk 0:08:15]} 37. Qd2
{[%clk 0:00:33]} e1Q {[%clk 0:08:30]} 0-1

[Event "Women's Baku Chess Olympiad"]
[Site "chess24.com"]
[Date "2016.09.02"]
[Round "1"]
[White "Baklanova, Tatiana"]
[Black "Javakhishvili, Lela"]
[Result "0-1"]
[Board "1"]
[WhiteID "14100754"]
[WhiteElo "2200"]
[WhiteTitle "WIM"]
[WhiteCountry "UKR"]
[WhiteFideId "14100754"]
[WhiteEloChange "-3"]
[BlackID "13601458"]
[BlackElo "2486"]
[BlackTitle "IM"]
[BlackCountry "GEO"]
[BlackFideId "13601458"]
[BlackEloChange "2"]

1. d4 {[%clk 1:30:51]} Nf6 {[%clk 1:30:51]} 2. c4 {[%clk 1:31:17]} e6 {[%clk
1:31:16]} 3. Nc3 {[%clk 1:31:38]} Bb4 {[%clk 1:31:37]} 4. e3 {[%clk 1:32:04]} O-O
{[%clk 1:31:43]} 5. Bd3 {[%clk 1:32:11]} d5 {[%clk 1:32:04]} 6. cxd5 {[%clk
1:31:38]} exd5 {[%clk 1:31:41]} 7. Ne2 {[%clk 1:31:18]} Re8 {[%clk 1:27:24]} 8.
f3 {[%clk 1:28:38]} c5 {[%clk 1:19:02]} 9. a3 {[%clk 1:28:10]} cxd4 {[%clk
1:17:00]} 10. axb4 {[%clk 1:24:59]} dxc3 {[%clk 1:17:22]} 11. bxc3 {[%clk
1:25:23]} Nc6 {[%clk 1:17:33]} 12. O-O {[%clk 1:21:19]} Ne5 {[%clk 1:17:08]} 13.
Bb5 {[%clk 0:48:23]} Bd7 {[%clk 1:16:36]} 14. Bxd7 {[%clk 0:37:44]} Qxd7 {[%clk
1:16:56]} 15. Qd4 {[%clk 0:38:09]} a6 {[%clk 1:11:38]} 16. Rd1 {[%clk 0:36:20]}
Qc7 {[%clk 1:03:45]} 17. Qf4 {[%clk 0:23:32]} Rac8 {[%clk 1:02:02]} 18. Rd4
{[%clk 0:17:21]} Qb6 {[%clk 0:59:31]} 19. Kf1 {[%clk 0:14:41]} Nc4 {[%clk
0:48:22]} 20. g4 {[%clk 0:07:00]} h6 {[%clk 0:41:57]} 21. h4 {[%clk 0:07:19]} Qb5
{[%clk 0:39:59]} 22. Ra2 {[%clk 0:06:06]} Rc6 {[%clk 0:37:19]} 23. Kf2 {[%clk
0:03:49]} Rce6 {[%clk 0:32:52]} 24. Rxc4 {[%clk 0:03:23]} Qxc4 {[%clk 0:31:09]}
25. Qxc4 {[%clk 0:03:01]} dxc4 {[%clk 0:31:37]} 26. e4 {[%clk 0:03:06]} Nd7
{[%clk 0:27:08]} 27. h5 {[%clk 0:02:41]} Ne5 {[%clk 0:27:17]} 28. Be3 {[%clk
0:02:38]} Rf6 {[%clk 0:24:51]} 29. Nd4 {[%clk 0:02:01]} Nxg4+ {[%clk 0:24:53]}
30. Ke2 {[%clk 0:02:29]} Nxe3 {[%clk 0:24:17]} 31. Kxe3 {[%clk 0:02:58]} Re5
{[%clk 0:24:10]} 32. Rh2 {[%clk 0:03:26]} Rg5 {[%clk 0:23:26]} 33. Ne2 {[%clk
0:02:48]} Rd6 {[%clk 0:22:07]} 34. Nd4 {[%clk 0:02:36]} Rg1 {[%clk 0:20:32]} 35.
e5 {[%clk 0:02:26]} Re1+ {[%clk 0:19:52]} 36. Re2 {[%clk 0:01:42]} Rxe2+ {[%clk
0:20:12]} 37. Kxe2 {[%clk 0:02:11]} Rd5 {[%clk 0:19:45]} 38. f4 {[%clk 0:02:37]}
f6 {[%clk 0:19:25]} 39. Nf5 {[%clk 0:01:23]} Kf8 {[%clk 0:15:26]} 40. Ne3 {[%clk
0:31:40]} Rd3 {[%clk 0:44:46]} 41. Nxc4 {[%clk 0:31:22]} Rxc3 {[%clk 0:44:56]}
42. Ne3 {[%clk 0:29:47]} fxe5 {[%clk 0:44:58]} 43. fxe5 {[%clk 0:30:15]} Kf7
{[%clk 0:44:27]} 44. Nf5 {[%clk 0:28:10]} Ke6 {[%clk 0:44:06]} 45. Nd6 {[%clk
0:26:41]} b6 {[%clk 0:44:21]} 46. Kd2 {[%clk 0:26:20]} Rb3 {[%clk 0:44:40]} 0-1

[Event "Women's Baku Chess Olympiad"]
[Site "chess24.com"]
[Date "2016.09.02"]
[Round "1"]
[White "Padmini, Rout"]
[Black "Stojkovska, Monika"]
[Result "1-0"]
[Board "1"]
[WhiteID "5029295"]
[WhiteElo "2408"]
[WhiteTitle "IM"]
[WhiteCountry "IND"]
[WhiteFideId "5029295"]
[WhiteEloChange "1"]
[BlackID "15002594"]
[BlackElo "2033"]
[BlackTitle "WFM"]
[BlackCountry "MKD"]
[BlackFideId "15002594"]
[BlackEloChange "-2"]

1. e4 {[%clk 1:30:53]} e6 {[%clk 1:30:42]} 2. d4 {[%clk 1:30:56]} d5 {[%clk
1:30:59]} 3. Nc3 {[%clk 1:30:47]} Bb4 {[%clk 1:31:01]} 4. Ne2 {[%clk 1:30:28]}
dxe4 {[%clk 1:26:47]} 5. a3 {[%clk 1:30:43]} Bxc3+ {[%clk 1:26:15]} 6. Nxc3
{[%clk 1:31:05]} Ne7 {[%clk 1:23:01]} 7. Nxe4 {[%clk 1:29:08]} Nbc6 {[%clk
1:19:03]} 8. c3 {[%clk 1:28:15]} e5 {[%clk 1:08:23]} 9. Bc4 {[%clk 1:21:56]} Bf5
{[%clk 0:58:58]} 10. Ng5 {[%clk 0:58:47]} Bg6 {[%clk 0:53:33]} 11. d5 {[%clk
0:55:14]} Na5 {[%clk 0:46:24]} 12. Ba2 {[%clk 0:54:20]} b6 {[%clk 0:42:23]} 13.
O-O {[%clk 0:40:59]} O-O {[%clk 0:36:41]} 14. Qe2 {[%clk 0:19:17]} e4 {[%clk
0:16:00]} 15. h4 {[%clk 0:10:43]} h6 {[%clk 0:11:41]} 16. Nh3 {[%clk 0:09:03]}
Nb7 {[%clk 0:08:48]} 17. Nf4 {[%clk 0:09:01]} Bh7 {[%clk 0:05:45]} 18. Rd1 {[%clk
0:07:04]} Nc5 {[%clk 0:02:44]} 19. Be3 {[%clk 0:01:14]} Nd3 {[%clk 0:02:27]} 20.
Nxd3 {[%clk 0:00:56]} exd3 {[%clk 0:02:54]} 21. Qg4 {[%clk 0:01:03]} Nf5 {[%clk
0:02:36]} 22. Rxd3 {[%clk 0:01:18]} Qxh4 {[%clk 0:01:27]} 23. Qxh4 {[%clk
0:01:33]} Nxh4 {[%clk 0:01:54]} 24. Rdd1 {[%clk 0:01:49]} g5 {[%clk 0:00:40]} 25.
f3 {[%clk 0:01:48]} Nf5 {[%clk 0:00:50]} 26. Bf2 {[%clk 0:02:11]} Rfe8 {[%clk
0:00:42]} 27. Rd2 {[%clk 0:01:54]} Kf8 {[%clk 0:00:35]} 28. c4 {[%clk 0:02:05]}
Rad8 {[%clk 0:00:34]} 29. c5 {[%clk 0:02:08]} f6 {[%clk 0:00:35]} 30. Rc1 {[%clk
0:02:21]} b5 {[%clk 0:00:37]} 31. b4 {[%clk 0:00:33]} Bg8 {[%clk 0:00:48]} 32.
Bb1 {[%clk 0:00:39]} Re5 {[%clk 0:00:42]} 33. d6 {[%clk 0:00:48]} cxd6 {[%clk
0:00:35]} 34. Bxf5 {[%clk 0:00:39]} Rxf5 {[%clk 0:01:01]} 35. cxd6 {[%clk
0:00:54]} Bc4 {[%clk 0:00:35]} 36. Bxa7 {[%clk 0:01:09]} Re5 {[%clk 0:00:49]} 37.
Bc5 {[%clk 0:01:16]} Rd7 {[%clk 0:00:40]} 38. a4 {[%clk 0:01:39]} Re8 {[%clk
0:00:33]} 39. Kf2 {[%clk 0:01:53]} h5 {[%clk 0:00:40]} 40. a5 {[%clk 0:32:05]}
Ra8 {[%clk 0:30:33]} 41. Re1 {[%clk 0:32:01]} Kg8 {[%clk 0:23:08]} 42. Re7 {[%clk
0:31:18]} Rad8 {[%clk 0:21:11]} 43. Rxd7 {[%clk 0:31:13]} Rxd7 {[%clk 0:21:37]}
44. a6 {[%clk 0:31:37]} 1-0

[Event "Women's Baku Chess Olympiad"]
[Site "chess24.com"]
[Date "2016.09.02"]
[Round "1"]
[White "Papp, Petra"]
[Black "Shabanaj, Eglantina"]
[Result "1-0"]
[Board "2"]
[WhiteID "739049"]
[WhiteElo "2336"]
[WhiteTitle "WGM"]
[WhiteCountry "HUN"]
[WhiteFideId "739049"]
[WhiteEloChange "2"]
[BlackID "4700562"]
[BlackElo "1932"]
[BlackTitle "WCM"]
[BlackCountry "ALB"]
[BlackFideId "4700562"]
[BlackEloChange "-2"]

1. e4 {[%clk 1:30:56]} e5 {[%clk 1:30:44]} 2. Nf3 {[%clk 1:31:12]} Nc6 {[%clk
1:30:45]} 3. Bb5 {[%clk 1:31:31]} a6 {[%clk 1:30:57]} 4. Ba4 {[%clk 1:31:52]} Nf6
{[%clk 1:30:55]} 5. O-O {[%clk 1:32:01]} b5 {[%clk 1:30:31]} 6. Bb3 {[%clk
1:32:10]} Be7 {[%clk 1:30:19]} 7. d4 {[%clk 1:24:47]} d6 {[%clk 1:23:17]} 8. c3
{[%clk 1:22:56]} O-O {[%clk 1:23:05]} 9. h3 {[%clk 1:20:33]} Bb7 {[%clk 1:20:24]}
10. Re1 {[%clk 1:19:19]} exd4 {[%clk 1:09:32]} 11. cxd4 {[%clk 1:18:23]} Na5
{[%clk 1:08:29]} 12. Bc2 {[%clk 1:16:45]} Re8 {[%clk 1:01:05]} 13. Nbd2 {[%clk
1:14:12]} c5 {[%clk 0:58:58]} 14. d5 {[%clk 1:08:06]} Nd7 {[%clk 0:54:41]} 15.
Nf1 {[%clk 1:01:29]} Bf6 {[%clk 0:52:52]} 16. Rb1 {[%clk 0:54:50]} Nc4 {[%clk
0:51:15]} 17. b3 {[%clk 0:49:25]} Nce5 {[%clk 0:49:14]} 18. N3h2 {[%clk 0:49:19]}
Ng6 {[%clk 0:44:19]} 19. Ng4 {[%clk 0:41:47]} Bd4 {[%clk 0:42:06]} 20. Ng3 {[%clk
0:39:12]} Nde5 {[%clk 0:37:53]} 21. Ne3 {[%clk 0:37:33]} Bc8 {[%clk 0:31:37]} 22.
Nef5 {[%clk 0:35:28]} Bxf5 {[%clk 0:30:54]} 23. Nxf5 {[%clk 0:34:13]} Nh4 {[%clk
0:20:05]} 24. Nxd4 {[%clk 0:26:56]} cxd4 {[%clk 0:20:24]} 25. f4 {[%clk 0:26:20]}
Qb6 {[%clk 0:17:23]} 26. fxe5 {[%clk 0:20:18]} d3+ {[%clk 0:17:42]} 27. Be3
{[%clk 0:20:18]} dxc2 {[%clk 0:17:20]} 28. Bxb6 {[%clk 0:18:08]} cxd1Q {[%clk
0:17:11]} 29. Rbxd1 {[%clk 0:18:30]} Rxe5 {[%clk 0:17:11]} 30. Bf2 {[%clk
0:18:37]} Rh5 {[%clk 0:15:53]} 31. Bg3 {[%clk 0:18:15]} Rh6 {[%clk 0:16:05]} 32.
Rc1 {[%clk 0:17:59]} Re8 {[%clk 0:10:55]} 33. Rc6 {[%clk 0:17:37]} f5 {[%clk
0:10:45]} 34. e5 {[%clk 0:14:27]} f4 {[%clk 0:09:12]} 35. exd6 {[%clk 0:10:11]}
Rd8 {[%clk 0:08:51]} 36. Bxh4 {[%clk 0:03:56]} Rxh4 {[%clk 0:08:37]} 37. Rxa6
{[%clk 0:03:14]} Rh5 {[%clk 0:08:46]} 38. Rd1 {[%clk 0:01:51]} Rg5 {[%clk
0:08:58]} 39. Kf2 {[%clk 0:01:51]} Rg6 {[%clk 0:09:03]} 40. Rb6 {[%clk 0:31:45]}
Rgxd6 {[%clk 0:39:00]} 41. Rxb5 {[%clk 0:31:48]} g5 {[%clk 0:39:01]} 42. a4
{[%clk 0:31:33]} h5 {[%clk 0:38:09]} 43. Rd4 {[%clk 0:30:17]} Rc8 {[%clk
0:38:08]} 44. Rc4 {[%clk 0:30:16]} Rcd8 {[%clk 0:38:31]} 45. a5 {[%clk 0:29:59]}
Rxd5 {[%clk 0:37:33]} 46. Rxd5 {[%clk 0:30:00]} Rxd5 {[%clk 0:37:52]} 47. a6
{[%clk 0:29:57]} Rd2+ {[%clk 0:36:38]} 48. Ke1 {[%clk 0:30:04]} Rd7 {[%clk
0:35:52]} 49. Ra4 {[%clk 0:29:30]} Re7+ {[%clk 0:28:49]} 50. Kf2 {[%clk 0:28:31]}
Ra7 {[%clk 0:26:20]} 51. b4 {[%clk 0:28:22]} Kf7 {[%clk 0:26:15]} 52. b5 {[%clk
0:28:36]} Rc7 {[%clk 0:26:40]} 53. a7 {[%clk 0:28:39]} Rc2+ {[%clk 0:27:04]} 54.
Ke1 {[%clk 0:28:50]} 1-0

[Event "Women's Baku Chess Olympiad"]
[Site "chess24.com"]
[Date "2016.09.02"]
[Round "1"]
[White "Miller, Rachel"]
[Black "Nikolova, Adriana"]
[Result "0-1"]
[Board "2"]
[WhiteID "7401302"]
[WhiteElo "1971"]
[WhiteTitle "CM"]
[WhiteCountry "JAM"]
[WhiteFideId "7401302"]
[WhiteEloChange "-2"]
[BlackID "2908689"]
[BlackElo "2358"]
[BlackTitle "WGM"]
[BlackCountry "BUL"]
[BlackFideId "2908689"]
[BlackEloChange "2"]

1. e4 {[%clk 1:30:50]} c5 {[%clk 1:30:50]} 2. Nc3 {[%clk 1:31:06]} Nc6 {[%clk
1:31:07]} 3. f4 {[%clk 1:31:19]} g6 {[%clk 1:30:50]} 4. Nf3 {[%clk 1:31:27]} Bg7
{[%clk 1:31:06]} 5. Bb5 {[%clk 1:31:30]} Nd4 {[%clk 1:30:29]} 6. O-O {[%clk
1:31:32]} a6 {[%clk 1:27:36]} 7. Bd3 {[%clk 1:31:38]} d6 {[%clk 1:16:48]} 8. Nxd4
{[%clk 1:30:59]} cxd4 {[%clk 1:16:51]} 9. Ne2 {[%clk 1:30:49]} Nf6 {[%clk
1:12:03]} 10. Kh1 {[%clk 1:23:30]} O-O {[%clk 1:08:32]} 11. Nxd4 {[%clk 1:23:20]}
Nxe4 {[%clk 1:07:00]} 12. Bxe4 {[%clk 1:23:07]} Bxd4 {[%clk 1:07:23]} 13. Qf3
{[%clk 1:23:35]} Qc7 {[%clk 1:01:13]} 14. c3 {[%clk 1:23:20]} Bg7 {[%clk
1:00:43]} 15. f5 {[%clk 1:23:18]} Rb8 {[%clk 0:52:18]} 16. d4 {[%clk 1:21:51]} b5
{[%clk 0:51:35]} 17. Bg5 {[%clk 1:18:25]} b4 {[%clk 0:30:37]} 18. Rae1 {[%clk
0:55:13]} bxc3 {[%clk 0:29:21]} 19. bxc3 {[%clk 0:55:38]} gxf5 {[%clk 0:17:39]}
20. Qg3 {[%clk 0:52:14]} f6 {[%clk 0:14:33]} 21. Bh6 {[%clk 0:48:19]} e6 {[%clk
0:14:48]} 22. Bxg7 {[%clk 0:38:31]} Qxg7 {[%clk 0:15:02]} 23. Qxd6 {[%clk
0:38:13]} Rb2 {[%clk 0:13:37]} 24. Bf3 {[%clk 0:26:44]} Kh8 {[%clk 0:11:58]} 25.
Qa3 {[%clk 0:24:18]} Rd2 {[%clk 0:11:07]} 26. Rd1 {[%clk 0:07:38]} Rxd1 {[%clk
0:11:23]} 27. Rxd1 {[%clk 0:08:05]} e5 {[%clk 0:10:57]} 28. Bd5 {[%clk 0:07:01]}
Rd8 {[%clk 0:08:34]} 29. Qb3 {[%clk 0:06:38]} Qe7 {[%clk 0:08:02]} 30. c4 {[%clk
0:06:35]} f4 {[%clk 0:06:25]} 31. dxe5 {[%clk 0:06:09]} fxe5 {[%clk 0:06:46]} 32.
Qc3 {[%clk 0:06:28]} Qg7 {[%clk 0:03:53]} 33. Re1 {[%clk 0:06:35]} Re8 {[%clk
0:04:11]} 34. c5 {[%clk 0:06:13]} Bf5 {[%clk 0:04:25]} 35. Be4 {[%clk 0:05:54]}
Bxe4 {[%clk 0:02:56]} 36. Rxe4 {[%clk 0:06:21]} Rd8 {[%clk 0:02:52]} 37. Qc2
{[%clk 0:05:30]} Qg6 {[%clk 0:01:08]} 38. Qe2 {[%clk 0:02:35]} Qxe4 {[%clk
0:01:18]} 39. Qf1 {[%clk 0:02:14]} Qc2 {[%clk 0:01:29]} 40. h3 {[%clk 0:32:17]}
Rd1 {[%clk 0:31:55]} 41. Qxd1 {[%clk 0:32:38]} Qxd1+ {[%clk 0:32:21]} 42. Kh2
{[%clk 0:33:06]} e4 {[%clk 0:32:29]} 43. c6 {[%clk 0:33:28]} f3 {[%clk 0:32:53]}
44. c7 {[%clk 0:33:53]} Qc2 {[%clk 0:33:12]} 45. Kg3 {[%clk 0:34:11]} Qxc7+
{[%clk 0:33:30]} 46. Kf2 {[%clk 0:34:29]} Qc2+ {[%clk 0:33:55]} 47. Ke3 {[%clk
0:34:55]} fxg2 {[%clk 0:34:18]} 48. a4 {[%clk 0:35:19]} g1Q+ {[%clk 0:34:39]} 49.
Kf4 {[%clk 0:35:41]} e3 {[%clk 0:34:59]} 50. a5 {[%clk 0:36:03]} Qgh2+ {[%clk
0:35:06]} 51. Kg5 {[%clk 0:36:27]} Qg6+ {[%clk 0:35:23]} 52. Kh4 {[%clk 0:36:54]}
Qhg3# {[%clk 0:35:48]} 0-1

[Event "Women's Baku Chess Olympiad"]
[Site "chess24.com"]
[Date "2016.09.02"]
[Round "1"]
[White "Munoz Santana, Doribel"]
[Black "Cosma, Elena-Luminita"]
[Result "0-1"]
[Board "2"]
[WhiteID "6400574"]
[WhiteElo "1899"]
[WhiteTitle "WCM"]
[WhiteCountry "DOM"]
[WhiteFideId "6400574"]
[WhiteEloChange "-2"]
[BlackID "1201590"]
[BlackElo "2331"]
[BlackTitle "WGM"]
[BlackCountry "ROU"]
[BlackFideId "1201590"]
[BlackEloChange "2"]

1. e4 {[%clk 1:30:53]} e6 {[%clk 1:30:53]} 2. d4 {[%clk 1:30:50]} d5 {[%clk
1:31:16]} 3. exd5 {[%clk 1:31:03]} exd5 {[%clk 1:31:41]} 4. Nf3 {[%clk 1:31:21]}
Nc6 {[%clk 1:30:57]} 5. Bb5 {[%clk 1:26:01]} Ne7 {[%clk 1:31:19]} 6. O-O {[%clk
1:25:40]} a6 {[%clk 1:31:23]} 7. Be2 {[%clk 1:21:14]} g6 {[%clk 1:25:14]} 8. Bf4
{[%clk 1:19:30]} Bg7 {[%clk 1:25:35]} 9. c3 {[%clk 1:16:13]} O-O {[%clk 1:25:35]}
10. Nbd2 {[%clk 1:13:07]} h6 {[%clk 1:23:15]} 11. h3 {[%clk 1:10:58]} Nf5 {[%clk
1:17:20]} 12. Re1 {[%clk 1:09:43]} Nd6 {[%clk 1:15:44]} 13. Nf1 {[%clk 1:08:31]}
Be6 {[%clk 0:56:37]} 14. Ne3 {[%clk 0:53:50]} Ne7 {[%clk 0:51:25]} 15. Ne5 {[%clk
0:48:29]} f6 {[%clk 0:44:16]} 16. Nd3 {[%clk 0:43:35]} g5 {[%clk 0:43:50]} 17.
Bh2 {[%clk 0:42:37]} b6 {[%clk 0:37:05]} 18. Bf3 {[%clk 0:39:00]} Qd7 {[%clk
0:31:40]} 19. Nb4 {[%clk 0:31:47]} c6 {[%clk 0:29:42]} 20. Qe2 {[%clk 0:28:36]}
Rfe8 {[%clk 0:24:38]} 21. Nxa6 {[%clk 0:19:51]} Nef5 {[%clk 0:20:00]} 22. Bh5
{[%clk 0:11:09]} Bf7 {[%clk 0:13:27]} 23. Bg4 {[%clk 0:09:08]} h5 {[%clk
0:05:34]} 24. Bxf5 {[%clk 0:06:13]} Nxf5 {[%clk 0:06:00]} 25. Nc7 {[%clk
0:06:00]} Rxe3 {[%clk 0:06:00]} 26. fxe3 {[%clk 0:05:28]} Rc8 {[%clk 0:05:56]}
27. e4 {[%clk 0:02:13]} Nd6 {[%clk 0:02:18]} 28. e5 {[%clk 0:02:00]} fxe5 {[%clk
0:02:23]} 29. dxe5 {[%clk 0:02:10]} Ne4 {[%clk 0:02:50]} 30. e6 {[%clk 0:02:21]}
Bxe6 {[%clk 0:03:10]} 31. Nxe6 {[%clk 0:02:43]} Qxe6 {[%clk 0:03:34]} 32. Qxh5
{[%clk 0:02:47]} Qe7 {[%clk 0:02:04]} 33. Re2 {[%clk 0:00:33]} Qc5+ {[%clk
0:02:10]} 34. Kh1 {[%clk 0:00:34]} Rf8 {[%clk 0:02:23]} 35. Rae1 {[%clk 0:00:03]}
0-1

[Event "Women's Baku Chess Olympiad"]
[Site "chess24.com"]
[Date "2016.09.02"]
[Round "1"]
[White "Mirza, Diana"]
[Black "Calzetta Ruiz, Monica"]
[Result "0-1"]
[Board "1"]
[WhiteID "2503999"]
[WhiteElo "1948"]
[WhiteTitle "WCM"]
[WhiteCountry "IRL"]
[WhiteFideId "2503999"]
[WhiteEloChange "-3"]
[BlackID "2204185"]
[BlackElo "2249"]
[BlackTitle "WGM"]
[BlackCountry "ESP"]
[BlackFideId "2204185"]
[BlackEloChange "3"]

1. e4 {[%clk 1:30:57]} c5 {[%clk 1:30:55]} 2. Nf3 {[%clk 1:31:22]} Nc6 {[%clk
1:31:01]} 3. Bb5 {[%clk 1:31:48]} g6 {[%clk 1:31:16]} 4. O-O {[%clk 1:31:51]} Bg7
{[%clk 1:31:31]} 5. c3 {[%clk 1:32:03]} e5 {[%clk 1:31:14]} 6. Re1 {[%clk
1:31:40]} Nge7 {[%clk 1:30:19]} 7. Na3 {[%clk 1:27:45]} O-O {[%clk 1:30:19]} 8.
Nc2 {[%clk 1:27:09]} a6 {[%clk 1:20:26]} 9. Bf1 {[%clk 1:27:31]} d5 {[%clk
1:12:16]} 10. d3 {[%clk 1:21:32]} h6 {[%clk 1:11:12]} 11. exd5 {[%clk 1:16:03]}
Nxd5 {[%clk 1:11:21]} 12. Ne3 {[%clk 1:16:19]} Re8 {[%clk 1:04:38]} 13. Nxd5
{[%clk 1:12:46]} Qxd5 {[%clk 1:05:02]} 14. Be3 {[%clk 1:12:30]} Bg4 {[%clk
0:47:54]} 15. Qd2 {[%clk 1:03:43]} Bxf3 {[%clk 0:43:53]} 16. gxf3 {[%clk
1:04:02]} Kh7 {[%clk 0:44:17]} 17. Bg2 {[%clk 1:02:10]} Rad8 {[%clk 0:36:08]} 18.
Rad1 {[%clk 0:59:47]} Nd4 {[%clk 0:27:05]} 19. Bxd4 {[%clk 0:56:01]} exd4 {[%clk
0:26:54]} 20. f4 {[%clk 0:55:19]} Qxa2 {[%clk 0:21:39]} 21. c4 {[%clk 0:52:56]}
Qb3 {[%clk 0:22:03]} 22. Bd5 {[%clk 0:51:53]} Rxe1+ {[%clk 0:14:58]} 23. Rxe1
{[%clk 0:51:18]} Rxd5 {[%clk 0:15:16]} 24. cxd5 {[%clk 0:51:39]} Qxd5 {[%clk
0:15:39]} 25. Re8 {[%clk 0:49:06]} b5 {[%clk 0:15:17]} 26. Qe2 {[%clk 0:45:18]}
c4 {[%clk 0:15:23]} 27. dxc4 {[%clk 0:45:32]} bxc4 {[%clk 0:15:20]} 28. Qe7
{[%clk 0:45:54]} d3 {[%clk 0:14:50]} 29. Rd8 {[%clk 0:46:01]} Qf5 {[%clk
0:14:53]} 30. Qc7 {[%clk 0:42:49]} Qg4+ {[%clk 0:14:04]} 31. Kh1 {[%clk 0:41:16]}
Qe2 {[%clk 0:13:19]} 32. Kg2 {[%clk 0:41:45]} Qg4+ {[%clk 0:05:40]} 33. Kf1
{[%clk 0:38:46]} Qe6 {[%clk 0:04:02]} 34. Rd7 {[%clk 0:35:18]} Qe2+ {[%clk
0:04:25]} 35. Kg2 {[%clk 0:35:21]} d2 {[%clk 0:03:33]} 36. Qd6 {[%clk 0:31:46]}
d1Q {[%clk 0:01:03]} 37. Qxd1 {[%clk 0:32:08]} Qxd1 {[%clk 0:01:29]} 38. Rxd1
{[%clk 0:32:19]} Bxb2 {[%clk 0:01:57]} 39. Rd5 {[%clk 0:30:39]} c3 {[%clk
0:02:19]} 40. Rc5 {[%clk 1:00:56]} a5 {[%clk 0:32:42]} 41. Kf3 {[%clk 1:00:16]}
a4 {[%clk 0:33:10]} 0-1

[Event "Women's Baku Chess Olympiad"]
[Site "chess24.com"]
[Date "2016.09.02"]
[Round "1"]
[White "A-ALI,Sali Abbas Abdulzahra"]
[Black "Movileanu, Daniela"]
[Result "0-1"]
[Board "3"]
[WhiteID "4804929"]
[WhiteElo "1728"]
[WhiteTitle "WFM"]
[WhiteCountry "IRQ"]
[WhiteFideId "4804929"]
[WhiteEloChange "-2"]
[BlackID "873349"]
[BlackElo "2268"]
[BlackTitle "WFM"]
[BlackCountry "ITA"]
[BlackFideId "873349"]
[BlackEloChange "2"]

1. e4 {[%clk 1:30:53]} c5 {[%clk 1:30:48]} 2. Nf3 {[%clk 1:31:17]} d6 {[%clk
1:31:06]} 3. d4 {[%clk 1:31:36]} Nf6 {[%clk 1:30:51]} 4. dxc5 {[%clk 1:28:01]}
Nxe4 {[%clk 1:29:09]} 5. cxd6 {[%clk 1:27:27]} Nc6 {[%clk 1:17:49]} 6. dxe7
{[%clk 1:16:59]} Qxd1+ {[%clk 1:12:36]} 7. Kxd1 {[%clk 1:17:22]} Nxf2+ {[%clk
1:12:01]} 8. Ke1 {[%clk 1:17:16]} Nxh1 {[%clk 1:12:01]} 9. exf8Q+ {[%clk
1:17:35]} Rxf8 {[%clk 1:12:27]} 10. g3 {[%clk 1:17:39]} Bg4 {[%clk 1:06:00]} 11.
Bg2 {[%clk 1:14:23]} O-O-O {[%clk 0:53:15]} 12. Bd2 {[%clk 1:11:54]} Bxf3 {[%clk
0:44:16]} 13. Bxf3 {[%clk 1:10:13]} Nd4 {[%clk 0:43:33]} 14. Bd1 {[%clk 1:09:59]}
Rd6 {[%clk 0:40:13]} 15. c3 {[%clk 0:53:55]} Re8+ {[%clk 0:37:47]} 16. Kf1 {[%clk
0:53:16]} Rf6+ {[%clk 0:33:37]} 17. Kg1 {[%clk 0:34:45]} Ne2+ {[%clk 0:24:37]}
18. Bxe2 {[%clk 0:26:08]} Rxe2 {[%clk 0:25:02]} 19. Bf4 {[%clk 0:25:06]} Re1+
{[%clk 0:25:03]} 20. Kg2 {[%clk 0:25:18]} g5 {[%clk 0:24:29]} 21. Nd2 {[%clk
0:21:39]} Rxa1 {[%clk 0:24:35]} 22. Ne4 {[%clk 0:22:02]} Rb6 {[%clk 0:24:33]} 0-1